Film Allgemeinwissen Quiz #1 - Statistiken

Allgemein
  • Dieses Quiz wurde 377 mal gespielt
  • Das Durchschnittsergebnis liegt bei 13 aus 20
Antwortstatistiken
Frage Antwort % Korrekt
Wie heißt der wohl bekannteste Filmvampir, der bereits von Schauspielern wie Bela Lugosi, Christopher Lee und Gary Oldman verkörpert wurde? Graf Dracula
95%
Die Filmindustrie welches Landes bezeichnet man als "Bollywood"? Indien
94%
Aus welchem Film stammt der Bär Balu? Das Dschungelbuch
89%
Zu welchem Volk gehört Asterix? Gallier
85%
In welchem Zeichentrickfilm begeht eine Königin einen Giftanschlag mit einem Apfel? Schneewittchen und die sieben Zwerge
84%
Was für Wesen sind Kevin, Stuart und Bob aus der Filmreihe "Ich – Einfach unverbesserlich"? Minions
82%
Vervollständigen Sie den Filmtitel: "Die ______ der Jedi-Ritter" Rückkehr
81%
Wie heißt der graubärtige Zauberer aus "Der Herr der Ringe" und "Der Hobbit"? Gandalf
80%
Welcher österreichische Schauspieler war Gouverneur von Kalifornien? Arnold Schwarzenegger
79%
Wie heißt der US-amerikanische Mafiafilm aus dem Jahr 1972, in dem unter anderem Al Pacino und Marlon Brando mitspielen? Der Pate
74%
Von welchem fiktiven Planeten stammt Superman? (Tipp: Ein Edelgas trägt den gleichen Namen) Krypton
70%
Was ist Pumbaa aus dem Film "Der König der Löwen" für ein Tier? Warzenschwein
70%
Welcher Schauspieler ging insgesamt 5-mal bei den Oscars als Bester Hauptdarsteller leer aus, bevor er den Preis dann für seine Rolle in "The Revenant" gewann? Leonardo DiCaprio
68%
Welche Star-Wars-Figur bildete sowohl Anakin als auch Luke Skywalker zum Jedi aus? Obi-Wan Kenobi
67%
In welchem Alfred-Hitchcock-Klassiker treibt Norman Bates sein Unwesen? Psycho
44%
Welchen schurkischen Kapitän aus der "Fluch der Karibik"-Filmreihe gab es wirklich? Blackbeard
43%
Von welcher Sängerin stammt der Titelsong des Bond-Films "Goldeneye"? Tina Turner
37%
Wer führte Regie bei dem Film "Braveheart", in dem Mel Gibson den schottischen Freiheitskämpfer William Wallace spielt? Mel Gibson
30%
Durch welchen Film aus dem Jahr 1969 erlangten die Motorräder von Harley-Davidson Kultstatus? Easy Rider
21%
Welcher Filmproduzent ist mit 26 Auszeichnungen die am meisten ausgezeichnete Person bei den Oscars? Walt Disney
13%
Keine übereinstimmenden Quizze gefunden
Verteilung der Resultate
Anzahl Personen mit jedem Resultat
Perzentil nach korrekt beantworteten Fragen
Ihre Resultats-Entwicklung
Sie haben dieses Quiz noch nicht gespielt